00805cam a2200181 a 4500020002200000040000800022082003800030110006100068245013400129246007000263260007600333300002600409490008500435500004900520500002200569650001600591650001600607 a9250041373 (pbk.) cDLC00a630 FOO 1998 A043 Or. a341.7/5922 aFood and Agriculture Organization of the United Nations.10aOrganization and structure of FAO, including titles of staff =bOrganisation et structure de la FAO, et titres des fonctionnaires31aOrganisation et structure de la FAO, et titres des fonctionnaires aRoma :bFood and Agriculture Organization of the United Nations,c1998. avii, 281 p. ;c21 cm.1 aTerminology bulletin =aBulletin de terminologie =aBoletín de terminología, a"Supersedes no. 15, rev. 6 of 1991"--P. iii. aIncludes indexes. 0aAgriculture 7aAgriculture